书目信息 |
| 题名: |
巴苏陀史
|
|
| 作者: | 埃伦伯格 编著 ;麦格雷戈 改写 ;山东大学翻译组 译 | |
| 分册: | 上册 | |
| 出版信息: | 济南 山东人民出版社 1975 |
|
| 页数: | 314页 | |
| 开本: | 20cm | |
| 丛书名: | ||
| 单 册: | ||
| 中图分类: | K481.2 , K481.0 | |
| 科图分类: | ||
| 主题词: | 古代史--莱索托 , 非洲--历史 | |
| 电子资源: | ||
| ISBN: | ||
| 000 | 00911nam0 2200301 45 | |
| 001 | 0175003305 | |
| 005 | 20040512102823.9 | |
| 010 | @dCNY1.92 | |
| 100 | @a19951017d1975 em y0chiy0121 ea | |
| 101 | 1 | @achi@beng@cfre |
| 102 | @aCN@b370000 | |
| 105 | @ay z 000yy | |
| 106 | @ar | |
| 200 | 10 | @a巴苏陀史@h上册@Aba su tuo shi@f(法)埃伦伯格编著@g(英)C.麦格雷戈改写@g山东大学翻译组译 |
| 210 | @a济南@c山东人民出版社@d1975 | |
| 215 | @a314页@d20cm | |
| 300 | @a本书根据J.C.麦格雷戈改名的英语本1969年译出 | |
| 606 | @a古代史@y莱索托 | |
| 606 | 0 | @a非洲@x历史 |
| 607 | @a莱索托@x古代史 | |
| 690 | @aK481.2@v3 | |
| 690 | @aK481.0 | |
| 701 | 0 | @a埃伦伯格@Aai lun bo ge@4编著 |
| 702 | 1 | @a麦格雷戈@Amai ge lei ge@bC.@4改写 |
| 712 | 02 | @a山东大学翻译组@Ashan dong da xue fan yi zu@4译 |
| 801 | 0 | @aCN@b广东省中山图书馆@c20040512 |
| 801 | 2 | @aCN@bNLC@c20040512 |
| 905 | @f1@b228305@f1@dK481.0@e5:1 | |
| 巴苏陀史.上册/(法)埃伦伯格编著/(英)C.麦格雷戈改写/山东大学翻译组译.-济南:山东人民出版社,1975 |
| 314页;20cm |
| 本书根据J.C.麦格雷戈改名的英语本1969年译出 |
| ISBN :CNY1.92 |
| ● |
| 相关链接 |
|
|
|
|
正题名:巴苏陀史
索取号:K481.0/5:1
 
预约/预借
| 序号 | 登录号 | 条形码 | 馆藏地/架位号 | 状态 | 备注 |
| 1 | 0228305 | 001396171 | 第二借阅区/ [索取号:K481.0/5:1] | 在馆 | |
| 2 | 0228306 | 001396215 | 第二样本阅览室/ [索取号:K481.0/5:1] | 在馆 |